World civilization III : (Record no. 10284)

MARC details
000 -LEADER
fixed length control field 00706nam a22002177a 4500
003 - CONTROL NUMBER IDENTIFIER
control field OSt
005 - DATE AND TIME OF LATEST TRANSACTION
control field 20260515053112.0
008 - FIXED-LENGTH DATA ELEMENTS--GENERAL INFORMATION
fixed length control field 260506b |||||||| |||| 00| 0 eng d
020 ## - INTERNATIONAL STANDARD BOOK NUMBER
International Standard Book Number 971-07-2332-4
040 ## - CATALOGING SOURCE
Original cataloging agency DWCL-Main Lib
Transcribing agency OC
082 ## - DEWEY DECIMAL CLASSIFICATION NUMBER
Classification number Fil. 909 W927 2007
100 ## - MAIN ENTRY--PERSONAL NAME
Personal name Mateo, Grace Estela C.
Dates associated with a name ...[ET.AL]
245 ## - TITLE STATEMENT
Title World civilization III :
Remainder of title history and culture /
Statement of responsibility, etc. Grace Estela C. Mateo
260 ## - PUBLICATION, DISTRIBUTION, ETC.
Place of publication, distribution, etc. Manila :
Name of publisher, distributor, etc. Vibal Pub.,
Date of publication, distribution, etc. c2007.
300 ## - PHYSICAL DESCRIPTION
Extent v , 396 p. :
Other physical details ill. ;
Dimensions 26 cm.
490 ## - SERIES STATEMENT
Series statement Culture, history, and progress
504 ## - BIBLIOGRAPHY, ETC. NOTE
Bibliography, etc. note Includes bibliographical references and index.
650 ## - SUBJECT ADDED ENTRY--TOPICAL TERM
Topical term or geographic name entry element World - history.
650 ## - SUBJECT ADDED ENTRY--TOPICAL TERM
Topical term or geographic name entry element World civilization.
942 ## - ADDED ENTRY ELEMENTS (KOHA)
Source of classification or shelving scheme Dewey Decimal Classification
Koha item type Book-Filipiniana
Call number suffix Fil.
Suppress in OPAC No
952 ## - LOCATION AND ITEM INFORMATION (KOHA)
--
Holdings
Withdrawn status Lost status Source of classification or shelving scheme Damaged status Not for loan Home library Current library Shelving location Date acquired Source of acquisition Total Checkouts Full call number Barcode Date last seen Copy number Price effective from Koha item type Uniform Resource Identifier
    Dewey Decimal Classification     Junior High School Library Junior High School Library Filipiniana 06/09/2009 Donation   Fil. 909 W927 2007 JHS - 15255 05/06/2026 c1 05/06/2026 BK-FIL